A follow up study of the results of social casework (Record no. 1442070)

MARC details
000 -LEADER
fixed length control field 00646nam a2200217Ia 4500
005 - DATE AND TIME OF LATEST TRANSACTION
control field 20250923144704.0
008 - FIXED-LENGTH DATA ELEMENTS--GENERAL INFORMATION
fixed length control field 008 250917s9999 xx 000 0 eng d
037 ## - SOURCE OF ACQUISITION
Stock number Textual
040 ## - CATALOGING SOURCE
Original cataloging agency DSWL
Language of cataloging eng
Transcribing agency DSWL
041 ## - LANGUAGE CODE
Language code of text/sound track or separate title eng
Source of code eng
084 ## - COLON CLASSIFICATION NUMBER
Classification number YX,ZB, N53
Assigning agency DSWL
100 ## - MAIN ENTRY--PERSONAL NAME
Personal name Kogan, L.S.
9 (RLIN) 827403
245 #2 - TITLE STATEMENT
Title A follow up study of the results of social casework
Statement of responsibility, etc. by L.S. Kogan
260 ## - PUBLICATION, DISTRIBUTION, ETC.
Place of publication, distribution, etc. New York
Name of publisher, distributor, etc. Family Service Association of America
Date of publication, distribution, etc. 1953
300 ## - PHYSICAL DESCRIPTION
Extent 115p.
365 ## - TRADE PRICE
Price type code USD
Price amount 2.5
700 ## - ADDED ENTRY--PERSONAL NAME
Personal name J.M.HuntP.F. Bartelme
9 (RLIN) 827404
925 ## -
-- 2.5
942 ## - ADDED ENTRY ELEMENTS (KOHA)
Koha item type Textual
Classification part YX,ZB, N53
Holdings
Withdrawn status Lost status Damaged status Not for loan Home library Current library Date acquired Total Checkouts Full call number Barcode Date last seen Price effective from Koha item type
        Department of Social Work Library Department of Social Work Library 2025-09-23   YX,ZB, N53 SW0006533 2025-09-23 2025-09-23 Textual
Copyright @ Delhi University Library System